000 00255nam a2200109Ia 4500
008 190914s9999||||xx |||||||||||||| ||und||
100 _aS.K. Mukhopadhyay
245 0 _aLogistics Management
260 _aIndia
_bS.Chand
_c1993
300 _a794
942 _cBK
999 _c9912
_d9912